Get the Picture: S'mores! Quiz Stats

 Plays Quiz Updated Mar 25, 2019

Score 0/15 Timer 02:30
5 Plays Today
Question Answer Wrong Answers
Appears as a giant monster in 'Ghostbusters' Marshmallow
97.1%
Graham cracker
1.1%
Chocolate
1.1%
Product of Hershey Company Chocolate
96.7%
Graham cracker
1.6%
Marshmallow
1.6%
Contains cocoa butter Chocolate
95.8%
Graham cracker
0.8%
Marshmallow
0.4%
Used to make pie crust Graham cracker
95.7%
Chocolate
0.6%
Marshmallow
0.7%
Contains gelatin Marshmallow
95%
Graham cracker
1.8%
Chocolate
3%
Roasted over the campfire Marshmallow
94.8%
Graham cracker
1.1%
Chocolate
0.8%
Shares a name with a Monty Python actor Graham cracker
94.1%
Chocolate
2.2%
Marshmallow
3%
Area of expertise for Willy Wonka Chocolate
93.8%
Graham cracker
0.3%
Marshmallow
2.8%
Contains flour Graham cracker
91.7%
Chocolate
2.1%
Marshmallow
4.1%
Used in the game Chubby Bunny Marshmallow
91.5%
Graham cracker
1.1%
Chocolate
4.2%
Popular brand is Honey Maid Graham cracker
90.3%
Chocolate
1.8%
Marshmallow
4.7%
Peeps candy material Marshmallow
89.7%
Graham cracker
3%
Chocolate
5.5%
Named for a 19th c. American preacher Graham cracker
88.4%
Chocolate
4.1%
Marshmallow
4.8%
Shares a name with a type of Labrador Chocolate
80.7%
Graham cracker
14.7%
Marshmallow
2.3%
Has its own day celebrated on July 7 Chocolate
72.4%
Graham cracker
12.4%
Marshmallow
13.8%

Today's Daily Dose

Missing Word
Sherlocks

Word Ladder
King of the Hill

Quick Pick
Songs in Pink

Get the Picture
NBA Teammates

You're not logged in!

Compare scores with friends on all Sporcle quizzes.
OR
Log In

Sporcle TV

Today on Sporcle TV


Watch our educational content, quiz creation guides, and fun videos on Sporcle TV.

Show Comments

Extras

Top Quizzes Today


Score Distribution

Your Account Isn't Verified!

In order to create a playlist on Sporcle, you need to verify the email address you used during registration. Go to your Sporcle Settings to finish the process.

Report this User

Report this user for behavior that violates our Community Guidelines.

Details: